000 01194nam a22003257a 4500
999 _c33842
_d33842
001 3139
003 CO-MdFUSB
005 20190409123729.0
008 180508t1964 xxu||||| |||| 00| 0 spa d
020 _a9781563440632
040 _aCO-MdFUSB
_bspa
_cCO-MdFUSB
_dCO-MdFUSBC
_erda
041 0 _aspa
_heng
082 0 4 _a234.8
_222
_bC8771c
100 1 _aCox, Leo George (1912-)
_eautor
240 _aJohn Wesley's concept of perfection
245 3 _aEl concepto de Wesley sobre la perfección cristiana
_c / Leo George Cox ; Josué Mora, Traductor
264 1 _aKansas City, Missouri :
_bCasa Nazarena,
_c[1964]
264 4 _c©1964
300 _a270 páginas
_c; 22 cm.
336 _2rdacontent
_atexto
_btxt
337 _2rdamedia
_asin mediación
_bn
338 _2rdacarrier
_avolumen
_bnc
500 _aTítulo original : John Wesley's concept of perfection
505 0 _a- Introducción - El pecado y la gracia - Pasos o etapas de la perfección - La Perfección presente - Los limites humanos - Los del pecado Santificado
563 _aRústico.
600 1 0 _aWesley, John,
_d1703-1791
650 0 _aSantidad
_9393
653 _aHistoria de las doctrinas
942 _cBK